000 00634nam a2200181Ia 4500
003 GCL
008 140319s9999 xx 000 0 ara d
040 _aGCL /
_cGCL
082 0 4 _aق
_b962
_bج ق
100 1 _aجلال الجميعى \\=aوزارةالثقافة - الثقافة الجماهةv
245 1 0 _aقراءة فى كتاب الوطن /
_cجلال الجميعى
300 _a39 ص
490 _aالهيئة العامة للاستعلامات
_v0
650 0 4 _aمصر - تاريخ
650 0 4 _aحرب اكتوبر 1973
650 0 4 _aمصر - تاريخ - العصر الحديث (1805 - 1956 )
942 _2ddc
_cBK
999 _c51803
_d51803